000 00307nam a2200109 4500
008 b xx# fre u
040 _aLB-BrCRDP
082 1 _a107
_bWIT
245 1 0 _aLeçons sur la liberté de la volonté
_cL.Wittgenstein
942 _cBK
999 _c9523
_d9523